=LDR 00000nam 2200000 4500 =001 001120 =005 20250713031618 =035 ##$$a 0010-0725001004 =007 ta =008 250713################a##########0#ind## =020 ##$$a 987-623-118-878-3 =082 ##$$a 398. 209 598 =084 ##$$a 398. 209 598 FIT t =100 #$$a Fitriana, Yulita =245 1#$$a Teman Istimewa /$c Yulita Fitriana =250 ##$$a Cetakan Pertama =260 ##$$a Jakarta Timur :$b Badan Pengembangan dan Pembinaan Bahasa,$c 2024 =300 ##$$a 24 hlm. : $b Ilus. ; $c 29,7 cm =650 #4$$a Cerita Anak-Indonesia =650 #4$$a Cerita Bergambar =990 ##$$a TBM202400667